| 000 | 01046nmm a2200373 a 4500 | ||
|---|---|---|---|
| 003 | AR-X00000XY | ||
| 005 | 20251128211913.0 | ||
| 008 | 097020s1998 ||||||||||||||000 | spa|| | ||
| 020 | _a958-648-166-2 | ||
| 040 | _cAR-X00000XY | ||
| 100 | 1 | _aAponte Prieto, Jairo Alfonso | |
| 245 | 1 | 0 |
_aLos conflictos étnicos _bel despertar de una vieja pesadilla |
| 250 | _a1ª ed. | ||
| 260 |
_aSantafé de Bogotá _bEcoe Ediciones _c1998 |
||
| 300 | 1 | _axxii, 154 p. | |
| 500 | 0 | _aDonación de la Embajada de Colombia en Buenos Aires | |
| 504 | _aContiene referencias bibliográficas | ||
| 650 | 4 | _aGUERRA FRIA | |
| 650 | 4 | _aCONFLICTO RELIGIOSO | |
| 650 | 4 | _aCONFLICTO POLITICO | |
| 650 | 4 | _aCONFLICTO RACIAL | |
| 650 | 4 | _aGENOCIDIO | |
| 650 | 4 | _aRELACIONES INTERNACIONALES | |
| 650 | 4 | _aGRUPOS ETNICOS | |
| 650 | 4 | _aGRUPOS RELIGIOSOS | |
| 650 | 4 | _aMUSULMANES | |
| 650 | 4 | _aCRIMENES DE GUERRA | |
| 651 | 4 | _aYugoslavia | |
| 651 | 4 | _aBosnia | |
| 651 | 4 | _aHerzegovina | |
| 651 | 4 | _aBalcanes | |
| 942 | _cBK | ||
| 998 | _cNancy | ||
| 999 |
_c21555 _d21555 |
||